000 00366nam a22001217a 4500
999 _c2689
_d2689
005 20200923101712.0
008 200923b ||||| |||| 00| 0 eng d
020 _a12919
040 _cCML
245 _aCompton's Pictured Encyclopedia.
_cWilliam, B.
260 _aChicago
_bF.E. Compton and Company
_c1963
942 _2ddc
_cBK
_eVolume 8
_h031
_kR031
_mCOM